Anuario de la Biblioteca Central y de las Populares y Especiales
Descripción Física:
23 vols. ; periodicitat: anual ; 22 cm.
Materias:
Barcelona (Catalunya : Província). -- Xarxa de Biblioteques Populars -- Revistes
; Biblioteca Central (Barcelona) -- Revistes
; Biblioteques -- Barcelona (Província) -- Revistes
; Revistes
Idioma:
Español
MARC
| LEADER | 00000nas a2200000 a 4500 | ||
|---|---|---|---|
| 003 | Arxiu | ||
| 005 | 20260324181507.0 | ||
| 008 | 160829d19411973spcar p s spa c | ||
| 040 | |a AGDB | ||
| 245 | |a Anuario de la Biblioteca Central y de las Populares y Especiales | ||
| 246 | |a Anuario de la Biblioteca Central de Cataluña y de las Populares y Especiales de Barcelona | ||
| 246 | |a Anuari de la Biblioteca de Catalunya i de les Populars i Especials de Barcelona | ||
| 247 | |a Anuari de les biblioteques populars |h Continuació de: | ||
| 260 | |a Barcelona : |b Diputación Provincial de Barcelona ; |c 1939-1980 | ||
| 300 | |a 23 vols. ; |b periodicitat: anual ; |c 22 cm. | ||
| 306 | |a 1939-1980 | ||
| 310 | |a Anual | ||
| 362 | |a 1939-1980 | ||
| 546 | |a Publicada en català a partir de l'any 1977 | ||
| 590 | |a Variant del títol a partir de 1964: Anuario de la Biblioteca Central de Cataluña y de las populares y especiales de Barcelona. | ||
| 590 | |a Variant del títol a partir de 1977: Anuari de la Biblioteca de Catalunya i de les Populars i Especials de Barcelona | ||
| 610 | 1 | 0 | |a Barcelona (Catalunya : Província). |b Xarxa de Biblioteques Populars |v Revistes |9 56169 |
| 650 | |a Biblioteca Central (Barcelona) |x Revistes |9 29916 | ||
| 650 | |a Biblioteques |x Barcelona (Província) |x Revistes |9 29917 | ||
| 710 | 1 | |a Barcelona (Catalunya : Província). |b Xarxa de Biblioteques Populars |9 53849 |e entitat autora | |
| 710 | 2 | |a Biblioteca Central (Barcelona, Catalunya) |9 54533 |e entitat autora | |
| 710 | 1 | |a Barcelona (Catalunya : Província). |b Diputació |e entitat productora |9 52408 | |
| 710 | 1 | |a Barcelona (Catalunya : Província). |b Direcció Tècnica de Biblioteques |9 56167 |e entitat productora | |
| 780 | 0 | 0 | |t Anuari de les biblioteques populars |
| 866 | |a 1939 - 1980 | ||
| 901 | |a Arxiu | ||
| 942 | |n 1 |2 udc |c REV | ||
| 952 | |0 0 |1 0 |2 udc |4 0 |6 REV60 |7 1 |9 45166 |a Arxiu |b Arxiu |d 2016-12-01 |h 1939 - 1940 |o Rev-60 |p 7024 |r 2016-12-01 00:00:00 |w 2016-12-01 |y ARXIU | ||
| 952 | |0 0 |1 0 |2 udc |4 0 |6 REV61 |7 1 |9 61724 |a Arxiu |b Arxiu |d 2022-05-17 |h 1941 |l 0 |o Rev-61 |p 7025 |r 2022-05-17 00:00:00 |w 2022-05-17 |y ARXIU | ||
| 952 | |0 0 |1 0 |2 udc |4 0 |6 REV62 |7 1 |9 61725 |a Arxiu |b Arxiu |d 2022-05-17 |h 1942 |l 0 |o Rev-62 |p 7026 |r 2022-05-17 00:00:00 |w 2022-05-17 |y ARXIU | ||
| 952 | |0 0 |1 0 |2 udc |4 0 |6 REV63 |7 1 |9 61726 |a Arxiu |b Arxiu |d 2022-05-17 |h 1943 |l 0 |o Rev-63 |p 7027 |r 2022-05-17 00:00:00 |w 2022-05-17 |y ARXIU | ||
| 952 | |0 0 |1 0 |2 udc |4 0 |6 REV64 |7 1 |9 61727 |a Arxiu |b Arxiu |d 2022-05-17 |h 1944 |l 0 |o Rev-64 |p 7028 |r 2022-05-17 00:00:00 |w 2022-05-17 |y ARXIU | ||
| 952 | |0 0 |1 0 |2 udc |4 0 |6 REV65 |7 1 |9 61728 |a Arxiu |b Arxiu |d 2022-05-17 |h 1945 - 1946 |l 0 |o Rev-65 |p 7029 |r 2022-05-17 00:00:00 |w 2022-05-17 |y ARXIU |z Números de registre: 7029 (1945) ; 7030 (1946) | ||
| 952 | |0 0 |1 0 |2 udc |4 0 |6 REV66 |7 1 |9 61729 |a Arxiu |b Arxiu |d 2022-05-17 |h 1946 |l 0 |o Rev-66 |p 25541 |r 2022-05-17 00:00:00 |w 2022-05-17 |y ARXIU |z Duplicat | ||
| 952 | |0 0 |1 0 |2 udc |4 0 |7 1 |9 61730 |a Arxiu |b Arxiu |d 2022-05-17 |h 1947 - 1950 |o Rev-67 |p 7031 |r 2022-05-17 00:00:00 |w 2022-05-17 |y ARXIU |z Números de registre: 7031 (1947) ; 7032 (1958-1950) | ||
| 952 | |0 0 |1 0 |2 udc |4 0 |6 REV68 |7 1 |9 61731 |a Arxiu |b Arxiu |d 2022-05-17 |h 1951 - 1956 |l 0 |o Rev-68 |p 7033 |r 2022-05-17 00:00:00 |w 2022-05-17 |y ARXIU |z Números de registre: 7033 (1951-1954) ; 7034 (1955-1956) | ||
| 952 | |0 0 |1 0 |2 udc |4 0 |7 1 |9 61732 |a Arxiu |b Arxiu |d 2022-05-17 |h 1957 - 1963 |o Rev-69 |p 7035 |r 2022-05-17 00:00:00 |w 2022-05-17 |y ARXIU |z Números de registre: 7035 (1957-1960) ; 7036 (1961-1963) | ||
| 952 | |0 0 |1 0 |2 udc |4 0 |6 REV70 |7 1 |9 61733 |a Arxiu |b Arxiu |d 2022-05-17 |h 1964 - 1965 |l 0 |o Rev-70 |p 7037 |r 2022-05-17 00:00:00 |w 2022-05-17 |y ARXIU | ||
| 952 | |0 0 |1 0 |2 udc |4 0 |6 REV71 |7 1 |9 61734 |a Arxiu |b Arxiu |d 2022-05-17 |h 1966 - 1967 |l 0 |o Rev-71 |p 7038 |r 2022-05-17 00:00:00 |w 2022-05-17 |y ARXIU | ||
| 952 | |0 0 |1 0 |2 udc |4 0 |6 REV72 |7 1 |9 61735 |a Arxiu |b Arxiu |d 2022-05-17 |h 1968 |l 0 |o Rev-72 |p 7039 |r 2022-05-17 00:00:00 |w 2022-05-17 |y ARXIU | ||
| 952 | |0 0 |1 0 |2 udc |4 0 |6 REV73 |7 1 |9 61736 |a Arxiu |b Arxiu |d 2022-05-17 |h 1969 |l 0 |o Rev-73 |p 7040 |r 2022-05-17 00:00:00 |w 2022-05-17 |y ARXIU | ||
| 952 | |0 0 |1 0 |2 udc |4 0 |6 REV74 |7 1 |9 61737 |a Arxiu |b Arxiu |d 2022-05-17 |h 1970 |l 0 |o Rev-74 |p 7041 |r 2022-05-17 00:00:00 |w 2022-05-17 |y ARXIU | ||
| 952 | |0 0 |1 0 |2 udc |4 0 |7 1 |9 61738 |a Arxiu |b Arxiu |d 2022-05-17 |h 1971 |o Rev-75 |p 7042 |r 2022-05-17 00:00:00 |w 2022-05-17 |y ARXIU | ||
| 952 | |0 0 |1 0 |2 udc |4 0 |6 REV76 |7 1 |9 61739 |a Arxiu |b Arxiu |d 2022-05-17 |h 1972 |l 0 |o Rev-76 |p 7043 |r 2022-05-17 00:00:00 |w 2022-05-17 |y ARXIU | ||
| 952 | |0 0 |1 0 |2 udc |4 0 |6 REV77 |7 1 |9 61740 |a Arxiu |b Arxiu |d 2022-05-17 |h 1973 |l 0 |o Rev-77 |p 7044 |r 2022-05-17 00:00:00 |w 2022-05-17 |y ARXIU | ||
| 952 | |0 0 |1 0 |2 udc |4 0 |6 REV78 |7 1 |9 61741 |a Arxiu |b Arxiu |d 2022-05-17 |h 1974 |l 0 |o Rev-78 |p 7045 |r 2022-05-17 00:00:00 |w 2022-05-17 |y ARXIU | ||
| 952 | |0 0 |1 0 |2 udc |4 0 |6 REV79 |7 1 |9 61742 |a Arxiu |b Arxiu |d 2022-05-17 |h 1975 |l 0 |o Rev-79 |p 7046 |r 2022-05-17 00:00:00 |w 2022-05-17 |y ARXIU | ||
| 952 | |0 0 |1 0 |2 udc |4 0 |6 REV80 |7 1 |9 61743 |a Arxiu |b Arxiu |d 2022-05-17 |h 1976 |l 0 |o Rev-80 |p 7047 |r 2022-05-17 00:00:00 |w 2022-05-17 |y ARXIU | ||
| 952 | |0 0 |1 0 |2 udc |4 0 |6 REV81 |7 1 |9 61744 |a Arxiu |b Arxiu |d 2022-05-17 |h 1977 - 1978 |l 0 |o Rev-81 |p 7048 |r 2022-05-17 00:00:00 |w 2022-05-17 |y ARXIU | ||
| 952 | |0 0 |1 0 |2 udc |4 0 |6 REV82 |7 1 |9 61745 |a Arxiu |b Arxiu |d 2022-05-17 |h 1979 - 1980 |l 0 |o Rev-82 |p 11299 |r 2022-05-17 00:00:00 |w 2022-05-17 |y ARXIU | ||
| 952 | |0 0 |1 0 |4 0 |7 1 |9 66047 |a Arxiu |b Arxiu |d 2023-04-11 |h 1940 |o Rev-2051 |p 27704 |r 2023-04-11 00:00:00 |w 2023-04-11 |y ARXIU |z Duplicat de Rev-60 | ||
| 952 | |0 0 |1 0 |4 0 |7 1 |9 66048 |a Arxiu |b Arxiu |d 2023-04-11 |h 1941 |o Rev-2052 |p 27705 |r 2023-04-11 00:00:00 |w 2023-04-11 |y ARXIU |z Duplicat de Rev-61 | ||
| 952 | |0 0 |1 0 |4 0 |7 1 |9 66049 |a Arxiu |b Arxiu |d 2023-04-11 |h 1942 |o Rev-2053 |p 27706 |r 2023-04-11 00:00:00 |w 2023-04-11 |y ARXIU |z Duplicat de Rev-62 | ||
| 952 | |0 0 |1 0 |4 0 |7 1 |9 66050 |a Arxiu |b Arxiu |d 2023-04-11 |h 1945 |o Rev-2054 |p 27707 |r 2023-04-11 00:00:00 |w 2023-04-11 |y ARXIU |z Duplicat de Rev-65 | ||
| 952 | |0 0 |1 0 |4 0 |7 1 |9 66051 |a Arxiu |b Arxiu |d 2023-04-11 |h 1976 |o Rev-2055 |p 27708 |r 2023-04-11 00:00:00 |w 2023-04-11 |y ARXIU |z Duplicat de Rev-80 | ||
| 999 | |c 48237 |d 48237 | ||
| 655 | |a Revistes |9 55823 | ||